000 00525nam a2200181Ia 4500
003 GCL
008 140319s9999 xx 000 0 ara d
040 _aGCL /
_cGCL
082 0 4 _a814.008
_bغ خ
100 1 _aغالى شكرى
245 1 0 _aخطاب الى القارى العادى /
_cغالى شكرى
260 _a[S.N] :
_bمكتبة الانجلوالمصرية ،
_c1990
300 _a350 ص
490 _a
650 0 4 _aالادب العربى
650 0 4 _aالمقالات العربية
942 _2ddc
_cBK
999 _c32081
_d32081